Vista normal
Vista MARC
Entrada Personal Name
Número de registros utilizados en: 3
001 - CONTROL NUMBER
- control field: 37508
003 - CONTROL NUMBER IDENTIFIER
- control field: OSt
005 - DATE AND TIME OF LATEST TRANSACTION
- control field: 20210510123745.0
008 - FIXED-LENGTH DATA ELEMENTS
- fixed length control field: 210510|| aca||aabn | a|a d
040 ## - CATALOGING SOURCE
- Original cataloging agency: OSt
- Transcribing agency: OSt
100 ## - HEADING--PERSONAL NAME
- Personal name: Gobernado, Antonio
670 ## - SOURCE DATA FOUND
- Source citation: Work cat.: (OSt)11679: Schwartz, Harry, autor 26169, La economía de la Rusia soviética / , 1955.